| 000 | 00810njm a22002297a 4500 | ||
|---|---|---|---|
| 005 | 2010090305255.0 | ||
| 007 | sd ammalaaahaa | ||
| 008 | 100903t xxu||||| |||| 00| 0 eng d | ||
| 028 |
_aCL. 14120 _bCapital |
||
| 035 | _aGR-441 | ||
| 040 | _aSED/VEN | ||
| 100 |
_aSinatra, Frank _918051 |
||
| 245 |
_aThree coins in the fountain part 1 : _bstyne oahn / _cby Frank Sinatra / _h[sound recording] : |
||
| 246 | _aThree coins in the fountain ( Frank Sinatra) | ||
| 260 |
_aDum Dum India _bCapital |
||
| 300 |
_a1 sound disc [Gramophone record] : _banalog, 33 1/3 rpm _c10 in. _fGramophone Record |
||
| 500 | _aBrief Record | ||
| 505 | _aI could have told you part 2 | ||
| 650 |
_aOrchestra _xExcerpts _zIndia _918052 |
||
| 942 |
_2ddc _cGR |
||
| 999 |
_c43506 _d43506 |
||